Normal view
MARC view
- MUHAMMAD ADEEL AKRAM
Entry Personal Name
001 - CONTROL NUMBER
- control field: 72837
003 - CONTROL NUMBER IDENTIFIER
- control field: NUST
005 - DATE AND TIME OF LATEST TRANSACTION
- control field: 20210628204925.0
008 - FIXED-LENGTH DATA ELEMENTS
- fixed length control field: 210628|| aca||aabn | a|a d
040 ## - CATALOGING SOURCE
- Original cataloging agency: NUST
- Transcribing agency: NUST
100 ## - HEADING--PERSONAL NAME
- Personal name: MUHAMMAD ADEEL AKRAM
670 ## - SOURCE DATA FOUND
- Source citation: Work cat.: (NUST): MUHAMMAD ADEEL AKRAM, , TH-SOF-0600-C-SLOW BASED MICROPROGRAMMED FINITE STATE MACHINE FOR PARALLE THREAD EXECUTION.pdf, 2018
